=LDR 00000nam 2200000 4500 =001 INLIS000000000021230 =005 20130612120115 =008 ***********************************Ind** =035 ##$$0010-061300000021230 =041 ##$$a Ind =082 ##$$a 070.44 =090 ##$$a 070.44, Zai p =100 ##$$a Zain, Umar Nur =245 ##$$a Penulisan feature, Umar Nur Zain =260 ##$$a 1993 $b Jakarta =300 ##$$a 226 hlm, 21 cm =650 ##$$a Penulisan Berita - Feature =850 ##$$a NBPNMAT